000 00442nam a2200157Ia 4500
005 20250507130017.0
008 008 250505s9999 xx 000 0 eng d
037 _aBound Volumes
040 _aEASL
_beng
_cEASL
041 _aeng
_2eng
084 _qEASL
245 0 _aAccessions List : India
260 _aIndia
_bNew Delhi American Libraries Book Procurement Center India
_c0000
942 _cCR
999 _c1316308
_d1316308